|
|
|
|
| LEADER |
00909cam a2200241 7i4500 |
| 001 |
0000068599 |
| 005 |
20220523090000.0 |
| 020 |
|
|
|a 9780128175880
|
| 090 |
0 |
0 |
|a LD6241.7
|b .A47 2019
|
| 100 |
1 |
|
|a Alsadik, Bashar
|
| 245 |
1 |
0 |
|a Adjustment computations in 3D geomatics with applications in geophysics :
|b with MATLAB example
|c George Nomikos, Bashar Alsadik.
|
| 264 |
|
|
|a San Diego:
|b Elsevier Inc,
|c 2019.
|
| 300 |
|
|
|a 1 online resource (426 pages):
|b text file, PDF.
|
| 336 |
|
|
|a text
|2 rdacontent
|
| 337 |
|
|
|a computer
|2 rdamedia
|
| 338 |
|
|
|a online resource
|2 rdacarrier
|
| 650 |
0 |
0 |
|a Imaging systems in geophysics
|
| 650 |
0 |
0 |
|a MATLAB
|
| 655 |
0 |
0 |
|a Electronic books
|
| 700 |
1 |
|
|a Nomikos, George
|
| 856 |
4 |
2 |
|u http://library.unisel.edu.my/web/guest/mylibrary
|
| 997 |
|
|
|a Engineering & Life Sciences, Faculty
|b Science & Biotechnology, Department
|
| 999 |
|
|
|a EBO0012720
|b EBOOK
|c EBOOK
|e Electronic resources
|